000 00830nam a2200277 a 4500
001 BRCA_1083
005 20190320203254.0
008 780228s1984 sp-a---##b---#001-0#spa-#
020 _a8420670081
040 _aDLC
_cDLC
_dDLC
041 _aspa
044 _asp
050 4 _aNB1140
_b.W57 1984
100 1 _aWittkower, Rudolf
_93563
245 1 0 _aLa escultura
_bprocesos y principios
_cRudolf Wittkower ; versión castellana de Fernando Villaverde.
250 _a4
260 _aEspaña
_bAlianza
_c1984
300 _a331 p.
_bil.
_c23 cm.
440 0 _aAlianza forma
_v8
_91443
500 _aIncluye índice analítico y lista de ilustraciones
500 _aTraducción de : Sculpture
504 _aBibliografía : p. 313-318
650 1 4 _aEscultura
_93564
700 1 _aVillaverde, Fernando
_etr.
_93565
942 _2lcc
_cB
999 _c962
_d962